| 000 | 00882nam0a22002531 4500 | ||
|---|---|---|---|
| 001 | rc\753178 | ||
| 005 | 20250622121156.0 | ||
| 035 | _a(NLR Aleph) 006281418 | ||
| 090 |
_a7053626 _c7053626 |
||
| 100 | _a20040301d1985 |||y0rusy50 ca | ||
| 101 | 0 | _arus | |
| 102 | _aRU | ||
| 105 | _aa ||||||||| | ||
| 200 | 1 |
_aСемь друзей Юссике _e[Для дошк. возраста _fСильви Вяльял _g[Пер. с эст. Г. Диомидовой _gРис. авт.] |
|
| 205 | _a3-е изд. | ||
| 210 |
_aТаллин _cПериодика _d1985 |
||
| 215 |
_a[24] с. _cцв. ил. _d28 |
||
| 300 | _aВ вып. дан. авт.: Сильви Аугустовна Вяльял | ||
| 700 | 1 |
_aВяльял _bС.А. _f1928 - _gСильви Аугустовна |
|
| 801 | 0 |
_aRU _bNLR _gpsbo |
|
| 801 | 1 |
_aRU _bELAR _2rusmarc |
|
| 852 |
_aNLR _j85-8/679 |
||
| 942 | _cBOOK | ||
| 980 | _aNB | ||